书目信息 |
| 题名: |
农用机械基础
|
|
| 作者: | ;上海机械学院本书函授组 编 | |
| 分册: | ||
| 出版信息: | 上海 上海人民出版社 1976 |
|
| 页数: | 275页 | |
| 开本: | 19cm | |
| 丛书名: | ||
| 单 册: | ||
| 中图分类: | S22 | |
| 科图分类: | ||
| 主题词: | 农业机械--基础知识 | |
| 电子资源: | ||
| ISBN: | ||
| 000 | 00682nam0 2200241 45 | |
| 001 | 0176001931 | |
| 005 | 20060523095343.37 | |
| 010 | @dCNY0.52 | |
| 091 | @a15171.209 | |
| 100 | @a19950928d1976 em y0chiy0121 ea | |
| 101 | 0 | @achi |
| 102 | @aCN@b310000 | |
| 105 | @ay z 000yy | |
| 200 | 10 | @a农用机械基础@Anong yong ji xie ji chu@f上海机械学院本书函授组编 |
| 210 | @a上海@c上海人民出版社@d1976 | |
| 215 | @a275页@d19cm | |
| 300 | @a上海市业余函授教材 | |
| 606 | @a农业机械@x基础知识 | |
| 690 | @aS22@v3 | |
| 711 | 02 | @a上海机械学院本书函授组@Ashang hai ji xie xue yuan ben shu han shou zu@4编 |
| 801 | 2 | @aCN@bNLC@c20060523 |
| 801 | 0 | @aCN@bTSSF |
| 905 | @a10447@dS22@e2 | |
| 农用机械基础/上海机械学院本书函授组编.-上海:上海人民出版社,1976 |
| 275页;19cm |
| 上海市业余函授教材 |
| ISBN :CNY0.52 |
| ● |
| 相关链接 |
|
|
|
|
正题名:农用机械基础
索取号:S22/2
 
预约/预借
| 序号 | 登录号 | 条形码 | 馆藏地/架位号 | 状态 | 备注 |
| 1 | 0017551 | 202391900 | 密集书库/ [索取号:S22/2] | 在馆 |